00619nam a2200193 a 450000100060000000300090000600800410001504000280005608200180008410000320010224500660013426000510020030000100025150000870026159000200034865000280036894200120039699900170040811266CO-ViMGA141112s2004 ck r 000 u spa d aCO-ViMGAbspacCO-ViMGA aCo861.6 Ch17a1 aCharry, Morales Ariel9410010aAmor y Blasfemia : bVida y muerte, orden y desorden poeticos aSantafé de Bogotá : bTercer mundo, c1992 a217p. aEn : Amor y blasfemia : Vida y muerte, Orden y Desorden Poeticos; FrCo 861.6 Ch17a aEjemplares : 1014aPOESIA COLOMBIANA91069 2ddccBK c11410d11410